Statistics for Most Guessed European Capitals

Click here to take the quiz!

General Stats

  • This quiz has been taken 19,517 times
  • The average score is 9 of 10

Answer Stats

% Capital % Correct
97Paris
99%
95London
99%
94Berlin
95%
95Rome
95%
92Madrid
94%
91Moscow
85%
87Amsterdam
78%
90Dublin
75%
91Athens
75%
88Oslo
73%

Score Distribution

Percentile by Number Answered

Percent of People with Each Score

Your Score History

You have not taken this quiz